Normal view
MARC view
- تأليف القعيد، يوسف
Entry Personal Name
001 - CONTROL NUMBER
- control field: 36682
003 - CONTROL NUMBER IDENTIFIER
- control field: JO-AjAnu
005 - DATE AND TIME OF LATEST TRANSACTION
- control field: 20230606080125.0
008 - FIXED-LENGTH DATA ELEMENTS
- fixed length control field: 230606|| aca||aabn | a|a d
040 ## - CATALOGING SOURCE
- Original cataloging agency: JO-AjAnu
- Transcribing agency: JO-AjAnu
100 ## - HEADING--PERSONAL NAME
- Personal name: تأليف القعيد، يوسف
670 ## - SOURCE DATA FOUND
- Source citation: Work cat.: (JO-AjAnu)18830: تأليف القعيد، يوسف, author, لبن العصفور: أربع وعشرون ساعة فقط، الجزء التاسع